[Event "Online Olym Div3 A 2020"]
[Site "chess.com INT"]
[Date "2020.07.09"]
[Round "8.4"]
[Board "2"]
[White "Pasko, Llambi"]
[Black "Hamad, Ahmad"]
[Result "1-0"]
[WhiteTitle "IM"]
[BlackTitle "FM"]
[WhiteElo "2410"]
[BlackElo "2207"]
[WhiteTeam "Albania"]
[BlackTeam "Syria"]
[WhiteFideId "4701178"]
[BlackFideId "7600364"]
[EventDate "2020.07.07"]
[EventType "team"]

1. d4 g6 2. c4 Bg7 3. Nf3 c5 4. g3 cxd4 5. Nxd4 Nc6 6. Nxc6 bxc6 7. Bg2 Rb8 8.
Nc3 Qa5 9. O-O Ba6 10. Qc2 Bxc4 11. Bf4 Rb4 12. Bd2 Qa6 13. b3 Be6 14. e4 Rb8
15. f4 Bd4+ 16. Kh1 f5 17. Rae1 Nf6 18. Ne2 Bb6 19. Bc3 fxe4 20. Nd4 Bd5 21. f5
g5 22. Qc1 h6 23. Nc2 Qxa2 24. Bxf6 exf6 25. Bxe4 Bxb3 26. Nb4 Qa5 27. Qc3 Kd8
28. Bxc6 Rf8 29. Bxd7 Bd5+ 30. Nxd5 Qxd5+ 31. Rf3 g4 32. Bc6 Bd4 33. Bxd5 Bxc3
34. Rxc3 Rb2 35. Be6 Ke7 36. Rc7+ Kd6 37. Rd7+ Kc6 38. Rc1+ Kb6 39. Rd6+ Kb5 40.
Bd7+ Kb4 41. Rd4+ Ka5 42. Be6 h5 43. Ra1+ Kb6 44. Rd6+ Kc5 45. Rd7 Rfb8 46.
Rdxa7 Rc2 47. Rc7+ 1-0

[Event "Online Olym Div3 A 2020"]
[Site "chess.com INT"]
[Date "2020.07.09"]
[Round "8.4"]
[Board "3"]
[White "Mahmoud, Roula"]
[Black "Gjergji, Rozana"]
[Result "0-1"]
[WhiteTitle "WFM"]
[BlackTitle "WCM"]
[WhiteElo "1771"]
[BlackElo "1942"]
[WhiteTeam "Syria"]
[BlackTeam "Albania"]
[WhiteFideId "7601263"]
[BlackFideId "4700147"]
[EventDate "2020.07.07"]
[EventType "team"]

1. e4 e5 2. Nf3 Nc6 3. Bc4 Bc5 4. O-O Nf6 5. b4 Bxb4 6. c3 Ba5 7. d4 d6 8. Qb3
O-O 9. dxe5 Nxe5 10. Nxe5 dxe5 11. Ba3 Nxe4 12. Bxf8 Qxf8 13. Re1 Bf5 14. Bd5
Nc5 15. Qa3 Bb6 16. Nd2 Qd6 17. c4 c6 18. Bxf7+ Kxf7 19. Rad1 Qf6 20. Nf3 Re8
21. h3 Ne4 22. Re2 Kg8 23. Rde1 Qg6 24. Nh4 Qg5 25. Nxf5 Nxf2 26. c5 Bxc5 27.
Qxc5 Nxh3+ 28. Kh1 Nf4 29. Ne3 Re6 30. Qc4 Kh8 31. Nf1 Rh6+ 32. Nh2 Qg3 33. Kg1
Rxh2 34. Qe4 Qh4 35. g3 Qxg3+ 36. Kf1 Qh3+ 37. Kg1 Qg3+ 38. Kf1 Nxe2 39. Rxe2
Rxe2 40. Kxe2 Qh2+ 41. Kd1 h5 42. Qf5 Qh1+ 43. Kd2 Qd5+ 44. Ke3 Qd4+ 45. Ke2
Qg4+ 46. Qxg4 hxg4 47. Kf2 Kh7 48. Kg3 Kg6 49. Kxg4 Kf6 50. Kf3 g5 51. Kg4 c5
52. Kg3 c4 53. Kf3 c3 54. Ke3 g4 55. Kd3 g3 56. Kxc3 g2 57. Kd2 g1=Q 58. Ke2 Kf5
59. Kf3 e4+ 60. Ke2 Qg3 61. Kd2 Kf4 62. Ke2 e3 63. Kd3 Kf3 64. Kc2 e2 65. Kd2
e1=Q+ 66. Kd3 Qd6+ 67. Kc4 Qc1+ 68. Kb3 Qb6+ 69. Ka4 Qc4+ 70. Ka3 Qcb4# 0-1

[Event "Online Olym Div3 A 2020"]
[Site "chess.com INT"]
[Date "2020.07.09"]
[Round "8.4"]
[Board "4"]
[White "Shabanaj, Alda"]
[Black "Yazji, Mada"]
[Result "1/2-1/2"]
[WhiteTitle "WFM"]
[WhiteElo "1841"]
[BlackElo "1704"]
[WhiteTeam "Albania"]
[BlackTeam "Syria"]
[WhiteFideId "4700597"]
[BlackFideId "7602065"]
[EventDate "2020.07.07"]
[EventType "team"]

1. d4 d5 2. c4 e6 3. Nf3 Nf6 4. e3 c6 5. Nc3 Nbd7 6. Bd3 dxc4 7. Bxc4 b5 8. Bd3
a6 9. O-O Bb7 10. Bd2 c5 11. Qe2 Be7 12. Rad1 Qb6 13. dxc5 Nxc5 14. Bb1 O-O 15.
Rfe1 Nce4 16. Nd4 Rac8 17. h3 Bc5 18. Nb3 Be7 19. Nxe4 Bxe4 20. Ba5 Qb7 21. Bxe4
Qxe4 22. Rd4 Qc2 23. Rd2 Qe4 24. Red1 h6 25. Rd4 Qg6 26. e4 e5 27. R4d3 Nxe4 28.
Re3 f5 29. Qd3 Bf6 30. f3 Ng5 31. Kh1 e4 32. Qd5+ Kh7 33. f4 Nf7 34. Kh2 Nd8 35.
Bb4 Re8 36. Qd7 Nc6 37. Rg3 Qh5 38. Rd5 Ne7 39. Bxe7 Bxe7 40. Rxf5 Qe2 41. Rf7
Qxb2 42. Nd4 Rg8 43. Qf5+ Kh8 44. Rxe7 Qxd4 45. Rexg7 Rxg7 46. Qxc8+ Kh7 47.
Qf5+ Kh8 48. Rxg7 Kxg7 49. Qc8 e3 50. Qc7+ Kg6 51. Qc6+ Kg7 52. Qc7+ Kg8 53.
Qc8+ Kg7 54. Qc7+ 1/2-1/2

[Event "Online Olym Div3 A 2020"]
[Site "chess.com INT"]
[Date "2020.07.09"]
[Round "8.4"]
[Board "5"]
[White "Koniahli, Malek."]
[Black "Veleshnja, Zino"]
[Result "1/2-1/2"]
[WhiteTitle "FM"]
[WhiteElo "2261"]
[BlackElo "2287"]
[WhiteTeam "Syria"]
[BlackTeam "Albania"]
[WhiteFideId "7603495"]
[BlackFideId "4701313"]
[EventDate "2020.07.07"]
[EventType "team"]

1. d4 Nf6 2. Nf3 g6 3. Bf4 Bg7 4. e3 O-O 5. h3 d6 6. Nbd2 Nbd7 7. Be2 b6 8. O-O
Bb7 9. a4 a5 10. Bh2 Re8 11. c3 e6 12. Rc1 Qe7 13. Re1 e5 14. dxe5 dxe5 15. Nc4
Ne4 16. Qc2 Ng5 17. Ncd2 Nc5 18. Nxg5 Qxg5 19. Bf3 e4 20. Be2 Nd3 21. Bxc7 Nxe1
22. Rxe1 Qc5 23. Bg3 Rad8 24. Nb3 Qc8 25. Bb5 Bc6 26. Qe2 Qd7 27. Bh4 Bxb5 28.
axb5 Rc8 29. Nd4 Bxd4 30. exd4 Qd5 31. Bf6 Re6 32. Be5 f6 33. Bg3 h5 34. Kh2 Kh7
35. Bf4 Qc4 36. Qxc4 Rxc4 37. d5 Re8 38. Be3 Rd8 39. Rd1 Rd6 40. Bf4 Rd7 41. Be3
Rd6 42. Bf4 Rd7 43. Be3 Rd6 1/2-1/2

[Event "Online Olym Div3 A 2020"]
[Site "chess.com INT"]
[Date "2020.07.09"]
[Round "8.5"]
[Board "1"]
[White "Deng, Yu Dong Michael"]
[Black "Subramaniam, Sumant"]
[Result "1/2-1/2"]
[WhiteTitle "CM"]
[BlackTitle "FM"]
[WhiteElo "2138"]
[BlackElo "2155"]
[WhiteTeam "Hong Kong"]
[BlackTeam "Malaysia"]
[WhiteFideId "6002420"]
[BlackFideId "5702720"]
[EventDate "2020.07.07"]
[EventType "team"]

1. d4 Nf6 2. c4 c5 3. d5 e6 4. Nc3 exd5 5. cxd5 d6 6. Nf3 g6 7. h3 Bg7 8. e4 O-O
9. Bd3 Re8 10. O-O b6 11. Re1 Ba6 12. Bf4 Bxd3 13. Qxd3 a6 14. a4 Ra7 15. Rad1
Nh5 16. Bh2 Bh6 17. e5 Nf4 18. Bxf4 Bxf4 19. exd6 Bxd6 20. Ne4 Be5 21. Nxe5 Rxe5
22. Qc3 Nd7 23. f4 Re8 24. f5 Re5 25. fxg6 hxg6 26. Qf3 Qe7 27. Re2 f5 28. Nc3
Rxe2 29. Nxe2 Ne5 30. Qf2 Rd7 31. Nf4 Qf6 32. Qg3 Kf7 33. Ne6 Nc4 34. Ng5+ Kg8
35. b3 Nd6 36. Kh2 Re7 37. Ne6 Ne4 38. Qb8+ Kh7 39. Rf1 Qf7 40. Rf4 g5 41. Rxe4
fxe4 42. Nxg5+ Kg6 43. Nxf7 Kxf7 44. Qf4+ Ke8 45. Qb8+ Kd7 46. Qg3 e3 47. Qe1
Kd6 48. g4 Kxd5 49. g5 Kd4 50. h4 Kd3 51. h5 e2 52. g6 Re5 53. Qb1+ Ke3 54. Qc1+
Kf3 55. g7 Rxh5+ 56. Kg1 Rg5+ 57. Qxg5 e1=Q+ 58. Kh2 Qf2+ 59. Kh3 Qf1+ 60. Kh2
Qf2+ 61. Kh3 Qf1+ 62. Kh2 1/2-1/2

[Event "Online Olym Div3 A 2020"]
[Site "chess.com INT"]
[Date "2020.07.09"]
[Round "8.5"]
[Board "2"]
[White "Liew, Chee-Meng Jimmy"]
[Black "Lau, Lut Yin Luke"]
[Result "0-1"]
[WhiteTitle "IM"]
[WhiteElo "2176"]
[BlackElo "1991"]
[WhiteTeam "Malaysia"]
[BlackTeam "Hong Kong"]
[WhiteFideId "5700019"]
[BlackFideId "6002226"]
[EventDate "2020.07.07"]
[EventType "team"]

1. d4 d5 2. Nc3 Nf6 3. Bg5 c6 4. Qd3 Bg4 5. f3 Bh5 6. e4 Bg6 7. Nh3 Nbd7 8.
O-O-O Qa5 9. Bd2 e6 10. Nf4 Bb4 11. Nxg6 hxg6 12. a3 Bxc3 13. Bxc3 Qc7 14. e5
Ng8 15. h4 Ne7 16. g4 O-O-O 17. Qe3 b6 18. Kb1 Kb8 19. f4 c5 20. Bb5 cxd4 21.
Bxd4 Nc5 22. Rh3 Rc8 23. Qe2 Ne4 24. Ba6 Rcd8 25. Rb3 Ka8 26. Bf2 Nc6 27. Bb5
Na5 28. Re3 Rb8 29. Be1 Nb7 30. Rxe4 dxe4 31. Qxe4 Rhd8 32. Rxd8 Rxd8 33. Bb4
Kb8 34. h5 gxh5 35. gxh5 Nc5 36. Qg2 f5 37. Qg6 a5 38. Bc3 Ne4 39. Qxe6 Rd1+ 40.
Ka2 Nxc3+ 41. bxc3 Qxc3 42. Qxb6+ Kc8 43. Qe6+ Kc7 44. Qc4+ Qxc4+ 45. Bxc4 Rd4
46. Bf7 Rxf4 47. Kb3 Kd7 48. Kc3 Ke7 49. Bd5 Rh4 50. Kd3 Rxh5 51. c4 Rh3+ 52.
Kd4 Rxa3 53. c5 Ra4+ 54. Ke3 g5 55. c6 Ra3+ 56. Kd4 Ra1 57. c7 Rd1+ 58. Kc5 Kd7
59. Be6+ Kxc7 60. Bxf5 a4 61. Kb4 g4 62. Kxa4 g3 63. Bh3 Rh1 0-1

[Event "Online Olym Div3 A 2020"]
[Site "chess.com INT"]
[Date "2020.07.09"]
[Round "8.5"]
[Board "3"]
[White "Lin, Ze Jun"]
[Black "Nithyalakshmi, Sivanesan"]
[Result "1-0"]
[BlackTitle "WCM"]
[WhiteElo "1512"]
[BlackElo "1945"]
[WhiteTeam "Hong Kong"]
[BlackTeam "Malaysia"]
[WhiteFideId "6005861"]
[BlackFideId "5706955"]
[EventDate "2020.07.07"]
[EventType "team"]

1. e4 Nf6 2. e5 Nd5 3. d4 d6 4. Nf3 Nc6 5. c4 Nb6 6. exd6 cxd6 7. Nc3 Bg4 8. Be3
g6 9. h3 Bxf3 10. Qxf3 Bg7 11. Rd1 Nb4 12. Rd2 O-O 13. Qxb7 Qc8 14. Qxc8 Rfxc8
15. b3 Nd7 16. Be2 f5 17. O-O Nf6 18. Bf3 Rab8 19. Re1 Kf7 20. a3 Na6 21. Nb5
Rd8 22. Rb1 d5 23. Nxa7 Rb7 24. Nc6 Rdd7 25. Ne5+ Ke8 26. Nxd7 Kxd7 27. b4 Ne4
28. Bxe4 fxe4 29. b5 Nc7 30. a4 dxc4 31. Rc2 Nd5 32. Rxc4 Nb6 33. Rcb4 Nd5 34.
R4b3 e6 35. a5 Bf8 36. b6 Bb4 37. Rxb4 Nxb4 38. Rxb4 Kc6 39. a6 Rxb6 40. d5+ 1-0

[Event "Online Olym Div3 A 2020"]
[Site "chess.com INT"]
[Date "2020.07.09"]
[Round "8.5"]
[Board "5"]
[White "Kwong, Wing Ki"]
[Black "Mohd Saprin, Amir Ghaazi"]
[Result "1-0"]
[WhiteElo "1876"]
[BlackElo "1951"]
[WhiteTeam "Hong Kong"]
[BlackTeam "Malaysia"]
[WhiteFideId "6002013"]
[BlackFideId "5712580"]
[EventDate "2020.07.07"]
[EventType "team"]

1. d4 Nf6 2. c4 c6 3. Nc3 d5 4. Nf3 dxc4 5. a4 Bf5 6. e3 e6 7. Bxc4 Bb4 8. O-O
Nbd7 9. Bd2 O-O 10. Nh4 Bg4 11. f3 Bh5 12. g4 Bg6 13. Nxg6 hxg6 14. g5 Nd5 15.
e4 Qb6 16. Ne2 Bxd2 17. Qxd2 Qb4 18. Qxb4 Nxb4 19. Rad1 Nb6 20. Bb3 a5 21. Rc1
Rfd8 22. Rfd1 Kf8 23. h4 Ke7 24. Kg2 Rh8 25. Kg3 Rhd8 26. Nf4 Rd7 27. h5 gxh5
28. g6 fxg6 29. Nxg6+ Kf6 30. Nf4 h4+ 31. Kg4 e5 32. dxe5+ Kxe5 33. Rc5+ Kf6 34.
Rf5+ Ke7 35. Rf7+ Kd8 36. Ne6+ Ke8 37. Nxg7+ Kd8 38. Ne6+ Ke8 39. Ng7+ Kd8 40.
Rfxd7+ Nxd7 41. Be6 Nd5 42. exd5 Nf6+ 43. Kf5 Nxd5 44. Bxd5 cxd5 45. Rxd5+ Kc7
46. Ne6+ Kc6 47. Rd8 Rxd8 48. Nxd8+ Kc5 49. Ne6+ Kb4 50. Kg4 Kxa4 51. f4 Kb5 52.
f5 Kc6 53. f6 1-0

[Event "Online Olym Div3 A 2020"]
[Site "chess.com INT"]
[Date "2020.07.09"]
[Round "8.5"]
[Board "6"]
[White "Sim, Jia Ru"]
[Black "Feng, Eunice"]
[Result "1/2-1/2"]
[WhiteTitle "WCM"]
[WhiteElo "2005"]
[BlackElo "1528"]
[WhiteTeam "Malaysia"]
[BlackTeam "Hong Kong"]
[WhiteFideId "5716110"]
[BlackFideId "331059520"]
[EventDate "2020.07.07"]
[EventType "team"]

1. e4 c5 2. Nf3 d6 3. c3 Nf6 4. Be2 g6 5. O-O Bg7 6. Bb5+ Bd7 7. Bxd7+ Qxd7 8.
Re1 O-O 9. d4 cxd4 10. cxd4 d5 11. e5 Ne4 12. Nbd2 Nxd2 13. Bxd2 e6 14. Rc1 Nc6
15. b4 a6 16. a4 Rfc8 17. Qb3 Rc7 18. Rc2 Rac8 19. Rec1 Nb8 20. h3 Rxc2 21. Rxc2
Rxc2 22. Qxc2 Qc6 23. Qc3 Bf8 24. Kh2 Qxc3 25. Bxc3 Nc6 26. b5 axb5 27. axb5 Na7
28. b6 Nc8 29. Ba5 Be7 30. Nd2 Bd8 31. Nb3 Bxb6 32. Bxb6 Nxb6 33. Nc5 Kf8 34.
Nxb7 Na4 35. Kg3 Ke7 36. Kf3 h5 37. h4 Nb6 38. Ke3 Nc4+ 39. Kd3 Nb2+ 40. Kc2 Nc4
41. Nc5 Nb6 42. Nd3 Nc4 43. Nf4 Na3+ 44. Kd3 Kd7 45. f3 Nc4 46. g4 hxg4 47. fxg4
Ke7 48. Ke2 Kf8 49. Nh3 Kg7 50. Ng5 Nb6 51. h5 gxh5 52. gxh5 Nd7 53. h6+ Kxh6
54. Nxf7+ Kg6 55. Nd8 Kf5 56. Kf3 Nxe5+ 57. dxe5 Kxe5 58. Nf7+ 1/2-1/2

[Event "Online Olym Div3 A 2020"]
[Site "chess.com INT"]
[Date "2020.07.09"]
[Round "9.1"]
[Board "1"]
[White "Wong, Yinn Long"]
[Black "Villegas, Pierre"]
[Result "1/2-1/2"]
[WhiteTitle "FM"]
[BlackTitle "IM"]
[WhiteElo "2381"]
[BlackElo "2364"]
[WhiteTeam "Malaysia"]
[BlackTeam "Monaco"]
[WhiteFideId "5707684"]
[BlackFideId "654183"]
[EventDate "2020.07.07"]
[EventType "team"]

1. d4 d5 2. Bf4 c5 3. e3 Nc6 4. c3 Bf5 5. Nd2 e6 6. Ngf3 Bd6 7. Bg3 Nf6 8. Qb3
Rb8 9. Qa3 Bxg3 10. hxg3 cxd4 1/2-1/2

[Event "Online Olym Div3 A 2020"]
[Site "chess.com INT"]
[Date "2020.07.09"]
[Round "9.1"]
[Board "2"]
[White "Efimov, Igor"]
[Black "Subramaniam, Sumant"]
[Result "0-1"]
[WhiteTitle "GM"]
[BlackTitle "FM"]
[WhiteElo "2409"]
[BlackElo "2155"]
[WhiteTeam "Monaco"]
[BlackTeam "Malaysia"]
[WhiteFideId "806404"]
[BlackFideId "5702720"]
[EventDate "2020.07.07"]
[EventType "team"]

1. d4 Nf6 2. Bg5 Ne4 3. Bf4 d5 4. e3 c6 5. Bd3 Nd6 6. Nf3 Bg4 7. Nbd2 e6 8. O-O
Be7 9. h3 Bh5 10. c4 g5 11. Be5 f6 12. Bh2 g4 13. hxg4 Bxg4 14. Qb3 Qb6 15. c5
Qxb3 16. axb3 Nf7 17. b4 Nd7 18. b5 e5 19. bxc6 bxc6 20. Ne1 O-O 21. f3 Be6 22.
f4 e4 23. f5 Bxf5 24. Ba6 Be6 25. Bb7 Rad8 26. Bxc6 Nxc5 27. dxc5 Bxc5 28. Nc2
Ne5 29. Bxe5 fxe5 30. Rxf8+ Kxf8 31. b4 Bb6 32. b5 d4 33. Bxe4 d3 34. Nb4 Bxe3+
35. Kh1 Bxd2 36. Nxd3 Bc4 37. Nxe5 Bc3 38. Nc6 Bxa1 39. Nxd8 Bxb5 40. Nc6 a6 41.
Nb4 h6 42. Nc2 Bc3 43. Kg1 a5 44. Kf2 a4 45. Ke3 Bc4 46. Na3 Bb3 47. Nc2 Bb2 48.
Kf4 a3 49. Nxa3 Bxa3 50. Kf5 Kg7 51. Kf4 Kf6 52. Kg3 Kg5 53. Bf3 Bd6+ 54. Kf2
Kh4 55. Bc6 Bd1 56. Bf3 Bc5+ 57. Ke1 Bc2 58. Bd5 Kg3 59. Bc6 Bd3 60. Bd5 Bf2+
61. Kd2 Bf1 62. Bf7 Kxg2 63. Be8 Kg3 64. Bf7 Kg4 65. Be8 h5 66. Bxh5+ Kxh5 67.
Kc3 Kg4 68. Kd2 Kf4 69. Kc3 Ke4 70. Kd2 Kd4 71. Kc2 Be3 72. Kb3 Bc4+ 73. Kc2 Bd5
74. Kb2 Kd3 75. Ka3 Kc3 76. Ka4 Bc6+ 77. Ka5 Kc4 78. Ka6 Bd4 79. Ka5 Kc5 80. Ka6
Bc3 81. Ka7 Kb5 82. Kb8 Kb6 83. Kc8 Bf6 84. Kb8 Bd7 85. Ka8 Be6 86. Kb8 Be5+ 0-1

[Event "Online Olym Div3 A 2020"]
[Site "chess.com INT"]
[Date "2020.07.09"]
[Round "9.1"]
[Board "3"]
[White "Azhar, Puteri Munajjah Az-Zahraa"]
[Black "Dornbusch, Tatiana"]
[Result "1/2-1/2"]
[WhiteTitle "WIM"]
[BlackTitle "WGM"]
[WhiteElo "2046"]
[BlackElo "2268"]
[WhiteTeam "Malaysia"]
[BlackTeam "Monaco"]
[WhiteFideId "5709040"]
[BlackFideId "14107449"]
[EventDate "2020.07.07"]
[EventType "team"]

1. Nf3 Nf6 2. g3 g6 3. Bg2 Bg7 4. O-O d6 5. d3 O-O 6. e4 c5 7. Re1 Nc6 8. c3 Bg4
9. h3 Bxf3 10. Bxf3 e5 11. Nd2 Rc8 12. a4 d5 13. exd5 Nxd5 14. Nc4 Qd7 15. Kg2
Rcd8 16. Qc2 Kh8 17. Bg5 f6 18. Bc1 Nc7 19. Rd1 Ne6 20. a5 f5 21. Qe2 Ncd4 22.
cxd4 Nxd4 23. Qe3 Nc2 24. Qxc5 Nxa1 25. Bg5 Rc8 26. Qxa7 Nb3 27. Qxb7 Qxb7 28.
Bxb7 Rxc4 29. dxc4 Nxa5 30. Ba6 Nb3 31. Be7 Re8 32. Rd8 Rxd8 33. Bxd8 e4 34. Be7
Bxb2 35. Bb5 Bd4 36. Bb4 Nc5 37. Bxc5 Bxc5 38. Kf1 Kg7 39. Ke2 Kf6 40. Bc6 Ke5
41. Bd5 g5 42. Bf7 Kd4 43. f3 e3 44. g4 fxg4 45. fxg4 Ke4 46. Bd5+ Kf4 47. Bg2
Kg3 48. Bf1 Bb6 49. Kd3 Kf2 50. Be2 Kg2 51. Ke4 Kf2 52. Kd3 Kg2 53. Ke4 Kxh3 54.
Kf3 Kh4 55. Kg2 Bd4 56. Kh2 Be5+ 57. Kg2 Bd6 58. Bf3 Bc5 59. Be2 Bd6 60. Bf3 Bc5
61. Be2 h6 62. Bd1 Bd4 63. Be2 Ba7 64. Bd1 Bd4 65. Be2 Bc5 66. Bd1 1/2-1/2

[Event "Online Olym Div3 A 2020"]
[Site "chess.com INT"]
[Date "2020.07.09"]
[Round "9.1"]
[Board "4"]
[White "Dubois, Martine"]
[Black "Nithyalakshmi, Sivanesan"]
[Result "0-1"]
[WhiteTitle "WIM"]
[BlackTitle "WCM"]
[WhiteElo "1802"]
[BlackElo "1945"]
[WhiteTeam "Monaco"]
[BlackTeam "Malaysia"]
[WhiteFideId "601926"]
[BlackFideId "5706955"]
[EventDate "2020.07.07"]
[EventType "team"]

1. e4 e5 2. Nf3 Nc6 3. Nc3 g6 4. d4 exd4 5. Nxd4 Bg7 6. Be3 Nf6 7. Nxc6 bxc6 8.
e5 Nd5 9. Nxd5 cxd5 10. Qxd5 Rb8 11. Bc4 O-O 12. O-O-O d6 13. exd6 Bxb2+ 14. Kd2
Qf6 15. Ke2 Bb7 16. Qg5 Qxg5 17. Bxg5 cxd6 18. f3 Rfc8 19. Bb3 d5 20. Bf4 Re8+
21. Kf2 Rbc8 22. Rhe1 Re6 23. Rxe6 fxe6 24. Re1 Kf7 25. g4 Bc6 26. c4 dxc4 27.
Bxc4 Bd7 28. Bb3 a5 29. Re2 Bd4+ 30. Kg3 Bf6 31. Rd2 Ke8 32. Re2 Ke7 33. Rd2 a4
34. Bd1 Rc3 35. Bd6+ Ke8 36. a3 Be7 0-1

[Event "Online Olym Div3 A 2020"]
[Site "chess.com INT"]
[Date "2020.07.09"]
[Round "9.1"]
[Board "5"]
[White "Navaratnam, Rohan Shan Tze"]
[Black "Kien, Clovis"]
[Result "1-0"]
[WhiteTitle "FM"]
[WhiteElo "2071"]
[BlackElo "1706"]
[WhiteTeam "Malaysia"]
[BlackTeam "Monaco"]
[WhiteFideId "5727413"]
[BlackFideId "36018180"]
[EventDate "2020.07.07"]
[EventType "team"]

1. e4 c5 2. c3 g6 3. d4 cxd4 4. cxd4 Bg7 5. Nc3 d6 6. h3 Nf6 7. Nf3 O-O 8. Bd3
Nc6 9. O-O Bd7 10. Bg5 Rc8 11. Rc1 Qb6 12. e5 Ne8 13. Nd5 Qxb2 14. Nxe7+ Nxe7
15. Bxe7 dxe5 16. Rxc8 Bxc8 17. Qc1 Be6 18. Qxb2 1-0

[Event "Online Olym Div3 A 2020"]
[Site "chess.com INT"]
[Date "2020.07.09"]
[Round "9.1"]
[Board "6"]
[White "Rubsamen, Anais"]
[Black "Chua, Jia-Tien"]
[Result "0-1"]
[BlackTitle "WCM"]
[WhiteElo "1692"]
[BlackElo "1822"]
[WhiteTeam "Monaco"]
[BlackTeam "Malaysia"]
[WhiteFideId "26091305"]
[BlackFideId "5710006"]
[EventDate "2020.07.07"]
[EventType "team"]

1. Nf3 Nf6 2. g3 d5 3. Bg2 c6 4. O-O Bf5 5. d3 Nbd7 6. c4 e6 7. Bg5 Be7 8. Nbd2
O-O 9. Re1 h6 10. Bxf6 Bxf6 11. Rb1 Rc8 12. e4 Bg4 13. Qb3 Nc5 14. Qa3 Be7 15.
b4 Na6 16. c5 Bxf3 17. Nxf3 Qc7 18. d4 dxe4 19. Rxe4 Rfd8 20. Ne5 f5 21. Ree1
Rxd4 22. Qb3 Rd5 23. Bxd5 exd5 24. Qf3 Rf8 25. Ng6 Rf7 26. Nxe7+ Rxe7 27. Qxf5
Qd7 28. Qg6 Nc7 29. Qd6 Rf7 30. Re2 Qf5 31. Rbe1 Nb5 32. Qb8+ Kh7 33. f4 Nd4 34.
Re3 Nc2 35. Re5 Qg4 36. Rf1 Nd4 37. Kg2 Nc2 38. Rf2 Nxb4 39. Qe8 Qg6 40. Re7
Rxe7 41. Qxe7 Nd3 42. Re2 Nxf4+ 43. Kf3 Nxe2 44. Qxe2 Qf5+ 45. Kg2 Qe4+ 46.
Qxe4+ dxe4 47. Kf2 Kg6 48. Ke3 Kf5 49. h3 Ke5 50. a3 b6 51. cxb6 axb6 52. a4 c5
53. g4 c4 54. h4 g5 55. h5 Kd5 56. Ke2 Kd4 57. Kd2 c3+ 58. Kc2 e3 59. Kc1 Kd3
60. Kd1 c2+ 61. Kc1 e2 0-1

[Event "Online Olym Div3 A 2020"]
[Site "chess.com INT"]
[Date "2020.07.09"]
[Round "9.2"]
[Board "1"]
[White "Ashiku, Franc"]
[Black "Deng, Yu Dong Michael"]
[Result "1-0"]
[WhiteTitle "IM"]
[BlackTitle "CM"]
[WhiteElo "2419"]
[BlackElo "2138"]
[WhiteTeam "Albania"]
[BlackTeam "Hong Kong"]
[WhiteFideId "4700066"]
[BlackFideId "6002420"]
[EventDate "2020.07.07"]
[EventType "team"]

1. Nf3 d5 2. g3 Nf6 3. Bg2 e6 4. O-O b6 5. b3 Bb7 6. Bb2 Be7 7. e3 Nbd7 8. c4 c5
9. Qe2 O-O 10. Nc3 Re8 11. Rad1 Ne4 12. d3 Nxc3 13. Bxc3 Bf6 14. d4 cxd4 15.
Nxd4 Rc8 16. Qb2 a6 17. cxd5 Bxd5 18. Bxd5 exd5 19. Ne2 Bxc3 20. Nxc3 Nf6 21.
Rd3 Qd7 22. Qd2 Re5 23. Rd1 Rd8 24. f4 Rh5 25. e4 b5 26. e5 Qa7+ 27. Kg2 b4 28.
Nxd5 Nxd5 29. Rxd5 Rxd5 30. Qxd5 h6 31. Qf3 g6 32. g4 Rh4 33. Kg3 g5 34. fxg5
hxg5 35. Rd8+ Kh7 36. Qf5+ 1-0

[Event "Online Olym Div3 A 2020"]
[Site "chess.com INT"]
[Date "2020.07.09"]
[Round "9.2"]
[Board "2"]
[White "Lau, Lut Yin Luke"]
[Black "Pasko, Llambi"]
[Result "0-1"]
[BlackTitle "IM"]
[WhiteElo "1991"]
[BlackElo "2410"]
[WhiteTeam "Hong Kong"]
[BlackTeam "Albania"]
[WhiteFideId "6002226"]
[BlackFideId "4701178"]
[EventDate "2020.07.07"]
[EventType "team"]

1. b3 d5 2. Bb2 c6 3. e3 Bf5 4. Nf3 e6 5. d4 Nd7 6. Bd3 Bg6 7. O-O Ngf6 8. Qe2
Ne4 9. Nfd2 Bd6 10. h3 f5 11. Nf3 O-O 12. Ne5 Nxe5 13. dxe5 Bc5 14. Nd2 Qg5 15.
f4 Qh4 16. Nf3 Qxf4 17. Bxe4 Qxe3+ 18. Qxe3 Bxe3+ 19. Kh1 fxe4 20. Ng1 c5 21.
Ne2 d4 22. Ng3 Bd2 23. h4 e3 24. Ba3 b6 25. h5 Bxc2 26. Rxf8+ Rxf8 27. Kh2 a5
28. Bb2 Rf2 29. Kg1 Rf4 30. Rf1 Rxf1+ 31. Kxf1 Bd3+ 32. Kg1 e2 0-1

[Event "Online Olym Div3 A 2020"]
[Site "chess.com INT"]
[Date "2020.07.09"]
[Round "9.2"]
[Board "3"]
[White "Shabanaj, Eglantina"]
[Black "Lin, Ze Jun"]
[Result "1-0"]
[WhiteTitle "WCM"]
[WhiteElo "1996"]
[BlackElo "1512"]
[WhiteTeam "Albania"]
[BlackTeam "Hong Kong"]
[WhiteFideId "4700562"]
[BlackFideId "6005861"]
[EventDate "2020.07.07"]
[EventType "team"]

1. d4 Nf6 2. Nf3 g6 3. e3 Bg7 4. Bd3 d5 5. c3 O-O 6. Nbd2 Nbd7 7. O-O c5 8. Re1
Re8 9. e4 cxd4 10. cxd4 dxe4 11. Nxe4 Nxe4 12. Bxe4 Nf6 13. Bd3 Bg4 14. Be3 Qd5
15. Be2 Rac8 16. Qa4 a6 17. b3 Bd7 18. Qb4 b5 19. Ne5 Be6 20. Rac1 Qd6 21. Qxd6
exd6 22. Nc6 Nd5 23. Bf3 h5 24. Bxd5 Bxd5 25. Ne7+ Rxe7 26. Rxc8+ Kh7 27. Rec1
f5 28. R8c7 Re6 29. Ra7 b4 30. Rcc7 f4 31. Rxg7+ Kh8 32. Rgd7 fxe3 33. Rd8+ Re8
34. Rxe8+ Bg8 35. fxe3 1-0

[Event "Online Olym Div3 A 2020"]
[Site "chess.com INT"]
[Date "2020.07.09"]
[Round "9.2"]
[Board "4"]
[White "Ng, Sau Wai"]
[Black "Gjergji, Rozana"]
[Result "0-1"]
[BlackTitle "WCM"]
[WhiteElo "1146"]
[BlackElo "1942"]
[WhiteTeam "Hong Kong"]
[BlackTeam "Albania"]
[WhiteFideId "1450468"]
[BlackFideId "4700147"]
[EventDate "2020.07.07"]
[EventType "team"]

1. Nf3 d5 2. g3 Nf6 3. Bg2 c6 4. O-O Bf5 5. c4 Nbd7 6. cxd5 cxd5 7. Nc3 e5 8.
Nh4 Be6 9. d3 Bc5 10. Bg5 h6 11. Bxf6 Nxf6 12. Qa4+ Qd7 13. Qxd7+ Kxd7 14. Nf3
Bd6 15. Rac1 a6 16. Rc2 Rac8 17. Rfc1 Rc7 18. e3 Rhc8 19. a3 b5 20. Ne1 b4 21.
axb4 Bxb4 22. f4 Bc5 23. Re2 Ng4 24. Ra1 Bxe3+ 25. Rxe3 Nxe3 26. Rxa6 Nxg2 27.
Kxg2 Rb7 28. fxe5 Rxb2+ 29. Kf3 Rxc3 30. Ke3 Rc6 31. Ra7+ Rc7 32. Ra6 Rxh2 33.
Nf3 Rg2 34. Kf4 g5+ 35. Nxg5 hxg5+ 36. Kxg5 Rxg3+ 37. Kf4 Rxd3 38. Rd6+ Ke7 39.
Kg5 Rc1 40. Kh6 Rg3 0-1